00375nam a22000977a 4500100007400000245009300074260002700167300000900194700004200203856003200245 aMuzaffar Hussaina17-MME-05aSupervisor - Prof. Dr. Liaquat Ali Memon aHeat Transfer Analysis of Engine Radiator Using Nanoparticles (AI2O3) And Market Coolant aNawabshahbQUESTc2021 a49p. aDepartment of Mechanical Engineering  uhttp://tinyurl.com/5h7pjwmz